000 00458nam a22001457a 4500
003 SGT
020 _a9789392787485
082 _a620
_bM22A
100 _aAmit Kumar
245 _aMaintenance Priority Prediction for various Components of Spring Coil manufacturing syste, using Markov modelling method
260 _aNew Delhi, India
_bSelective & Scientific Books Publishers & Distributers
_c2022
300 _a67
700 _aArora, Rajiv
942 _2ddc
_cBK
999 _c24491
_d24491